[Event "Charleroi op"]
[Site "Charleroi"]
[Date "2013.08.01"]
[Round "7"]
[White "Truwant, Pieter"]
[Black "Le Quang, Kim"]
[Result "0-1"]
[WhiteElo "1957"]
[BlackElo "2242"]
[PlyCount "138"]
[EventDate "2013.07.27"]
[EventType "swiss"]
[EventRounds "9"]
[EventCountry "BEL"]
[SourceTitle "CBM 155 Extra"]
[Source "ChessBase"]
[SourceDate "2013.08.26"]
[SourceVersion "1"]
[SourceVersionDate "2013.08.26"]
[SourceQuality "1"]

1. e4 g6 2. d4 Bg7 3. Nc3 d6 4. Be3 a6 5. a4 b6 6. Qd2 Bb7 7. f3 Nd7 8. Nge2 e6 9. Rd1 h6 10. Ng3 Ne7 11. Be2 c6 12. 0-0 Qc7 13. f4 f5 14. d5 cxd5 15. exf5 Nxf5 16. Nxf5 gxf5 17. Bh5+ Ke7 18. Rfe1 Rhg8 19. Re2 Nf6 20. Bf3 Ne4 21. Bxe4 dxe4 22. Qe1 Bc6 23. Red2 d5 24. Qf2 Rab8 25. Bd4 Bxd4 26. Rxd4 Rg4 27. Ne2 Rbg8 28. g3 h5 29. b3 h4 30. Rb4 hxg3 31. hxg3 b5 32. axb5 Bxb5 33. c4 Qd6 34. Qa7+ Kf6 35. Qd4+ Kf7 36. cxb5 Rxg3+ 37. Kf2 e3+ 38. Ke1 Rh3 39. Qa7+ Kg6 40. Ra4 Rh1+ 41. Ng1 Rxg1+ 42. Ke2 Rxd1 43. Kxd1 axb5 44. Ra6 Qxf4 45. Rxe6+ Kg5 46. Rxe3 Qf1+ 47. Kd2 Qf2+ 48. Kd1 Kg4 49. Qe7 d4 50. Rd3 Qf1+ 51. Kd2 Qg2+ 52. Kd1 Qe4 53. Qxe4+ fxe4 54. Rxd4 Kf3 55. Rd7 e3 56. Rf7+ Ke4 57. Re7+ Kd3 58. Rd7+ Kc3 59. Ke2 Rg3 60. Rd3+ Kc2 61. Rd5 b4 62. Rd8 Kxb3 63. Kd3 Kb2 64. Rb8 b3 65. Rb7 Ka2 66. Ra7+ Kb1 67. Rh7 b2 68. Rc7 e2+ 69. Kxe2 Ka2 0-1

[Event "Charleroi op"]
[Site "Charleroi"]
[Date "2013.07.31"]
[Round "6"]
[White "Spanoghe, Ivan"]
[Black "Truwant, Pieter"]
[Result "0-1"]
[WhiteElo "2156"]
[BlackElo "1957"]
[PlyCount "100"]
[EventDate "2013.07.27"]
[EventType "swiss"]
[EventRounds "9"]
[EventCountry "BEL"]
[SourceTitle "CBM 155 Extra"]
[Source "ChessBase"]
[SourceDate "2013.08.26"]
[SourceVersion "1"]
[SourceVersionDate "2013.08.26"]
[SourceQuality "1"]

1. e4 d6 2. Nc3 Nf6 3. f4 g6 4. Nf3 Bg7 5. g3 0-0 6. Bg2 c5 7. 0-0 Nc6 8. d3 Nd4 9. h3 Ne8 10. g4 f5 11. exf5 gxf5 12. g5 Nc7 13. Nxd4 cxd4 14. Ne2 Rb8 15. c3 dxc3 16. bxc3 e5 17. Be3 b6 18. h4 Bb7 19. Bxb7 Rxb7 20. Ng3 Ne6 21. fxe5 Rbf7 22. Qb3 d5 23. Bd4 Kh8 24. Rf3 f4 25. Raf1 Qd7 26. Ne2 Nxd4 27. cxd4 Qg4+ 28. Kh2 Qxh4+ 29. Rh3 Qg4 30. Rff3 Rf5 31. g6 Rh5 32. Ng1 Rc8 33. Rxh5 Qxh5+ 34. Rh3 Qxg6 35. Qxd5 Bh6 36. Qg2 Qe6 37. d5 Qxe5 38. Rxh6 f3+ 39. Qg3 Rc2+ 40. Kh3 Qf5+ 41. Kh4 Rg2 42. Qxf3 Rh2+ 43. Kg3 Qxf3+ 44. Kxf3 Rxh6 45. Ke4 Kg7 46. Ke5 Kf7 47. Nf3 Ke7 48. Nd4 Rh5+ 49. Ke4 Rh4+ 50. Ke5 Rxd4 0-1

[Event "Charleroi op"]
[Site "Charleroi"]
[Date "2011.08.04"]
[Round "7"]
[White "Sclacmender, Julien"]
[Black "Truwant, Pieter"]
[Result "1/2-1/2"]
[WhiteElo "2221"]
[BlackElo "2021"]
[PlyCount "103"]
[EventDate "2011.07.30"]
[EventType "swiss"]
[EventRounds "9"]
[EventCountry "BEL"]
[SourceTitle "EXT 2012"]
[Source "ChessBase"]
[SourceDate "2011.11.24"]
[SourceVersion "1"]
[SourceVersionDate "2011.11.24"]
[SourceQuality "1"]

1. e4 e6 2. d4 d5 3. Nc3 Nc6 4. e5 f6 5. Nf3 Qe7 6. Bd3 Bd7 7. 0-0 0-0-0 8. Ne2 Qf7 9. c3 Nge7 10. b4 Ng6 11. b5 Na5 12. Qa4 b6 13. Bd2 Kb8 14. Nc1 Qe8 15. Rb1 a6 16. Re1 f5 17. Bf1 axb5 18. Bxb5 Bxb5 19. Rxb5 Nc4 20. Qa6 Qc6 21. Bg5 Rc8 22. Nd3 Qa8 23. Qxa8+ Kxa8 24. Nd2 Na3 25. Rb3 h6 26. Be3 Nc2 27. Rc1 Nxe3 28. fxe3 Be7 29. a4 Bg5 30. Nf1 f4 31. exf4 Nxf4 32. Nxf4 Bxf4 33. Ra1 Rb8 34. g3 Bg5 35. Rab1 h5 36. Rb5 Kb7 37. h4 Bh6 38. Kf2 g5 39. hxg5 Bxg5 40. Ke2 Ra8 41. a5 Ra6 42. Nh2 Rha8 43. Nf3 Be7 44. axb6 Rxb6 45. Kd3 Kc6 46. Rxb6+ cxb6 47. Rh1 Rg8 48. Rxh5 Rxg3 49. Ke3 Rg7 50. Rh6 Kd7 51. Rh8 Bd8 52. Rh1 1/2-1/2

[Event "Charleroi op"]
[Site "Charleroi"]
[Date "2011.08.01"]
[Round "3"]
[White "Willen, Ronny"]
[Black "Truwant, Pieter"]
[Result "1/2-1/2"]
[WhiteElo "1842"]
[BlackElo "2021"]
[PlyCount "62"]
[EventDate "2011.07.30"]
[EventType "swiss"]
[EventRounds "9"]
[EventCountry "BEL"]
[SourceTitle "EXT 2012"]
[Source "ChessBase"]
[SourceDate "2011.11.24"]
[SourceVersion "1"]
[SourceVersionDate "2011.11.24"]
[SourceQuality "1"]

1. d4 Nf6 2. c4 e6 3. Nc3 Bb4 4. Bg5 h6 5. Bh4 Bxc3+ 6. bxc3 b6 7. e3 Bb7 8. f3 d6 9. Bd3 Nbd7 10. Ne2 Qe7 11. e4 e5 12. Bf2 c5 13. Qa4 0-0 14. d5 Nh5 15. Be3 Rfd8 16. Qc2 g5 17. g3 Qf6 18. 0-0 Qg6 19. Kh1 f6 20. Rg1 Kf7 21. Raf1 Ke7 22. Qd2 Rh8 23. f4 Rag8 24. f5 Qe8 25. a4 Ng7 26. Ra1 h5 27. h3 Qd8 28. Rgb1 Qc7 29. Qa2 h4 30. g4 Ra8 31. a5 Rhg8 1/2-1/2

[Event "BEL-ch"]
[Site "Ghent"]
[Date "2010.05.15"]
[Round "6"]
[White "Van Herck, Marcel"]
[Black "Truwant, Pieter"]
[Result "1-0"]
[WhiteElo "2106"]
[BlackElo "1961"]
[PlyCount "69"]
[EventDate "2010.05.13"]
[EventType "swiss"]
[EventRounds "7"]
[EventCountry "BEL"]
[SourceTitle "CBM 136 Extra"]
[Source "ChessBase"]
[SourceDate "2010.07.02"]
[SourceVersion "2"]
[SourceVersionDate "2010.07.15"]
[SourceQuality "1"]

1. e4 d6 2. d4 Nf6 3. Nc3 g6 4. f3 Bg7 5. Be3 c6 6. Qd2 b5 7. Bd3 Nbd7 8. Nge2 a6 9. a4 Bb7 10. 0-0 0-0 11. Nd1 e5 12. c3 Re8 13. Nf2 d5 14. Bg5 Qc7 15. Bc2 Rad8 16. exd5 cxd5 17. axb5 axb5 18. Ng4 exd4 19. Nxf6+ Bxf6 20. Bxf6 Nxf6 21. Nxd4 b4 22. cxb4 Qb6 23. Rfe1 Rc8 24. Bb3 Kg7 25. Kf2 h6 26. Rxe8 Nxe8 27. g3 Nd6 28. Kg2 Nc4 29. Qc3 Kh7 30. Re1 Nd6 31. Qd2 Nc4 32. Qf4 Qc7 33. Qf6 Nd6 34. Re7 Qc1 35. Qxd6 1-0

[Event "BEL-ch op"]
[Site "Namur"]
[Date "2006.07.08"]
[Round "8"]
[White "Truwant, Pieter"]
[Black "Dumont, Andre"]
[Result "1/2-1/2"]
[WhiteElo "1885"]
[BlackElo "2095"]
[PlyCount "95"]
[EventDate "2006.07.01"]
[EventType "swiss"]
[EventRounds "9"]
[EventCountry "BEL"]
[SourceTitle "CBM 113 Extra"]
[Source "ChessBase"]
[SourceDate "2006.09.14"]
[SourceVersion "1"]
[SourceVersionDate "2006.09.14"]
[SourceQuality "1"]

1. e4 e5 2. Bc4 Be7 3. Nc3 d6 4. Nf3 Nf6 5. d3 Nc6 6. h3 Na5 7. 0-0 0-0 8. Re1 c6 9. a4 Nxc4 10. dxc4 Be6 11. b3 Qc7 12. Bb2 Rad8 13. Qe2 Nh5 14. Nd1 Nf4 15. Qf1 f6 16. Ne3 d5 17. exd5 cxd5 18. cxd5 Nxd5 19. Qc4 Qxc4 20. Nxc4 Nf4 21. Ba3 Bxa3 22. Nxa3 Bd5 23. Re3 Bxf3 24. Rxf3 Rd2 25. h4 Rc8 26. Kf1 Rcd8 27. Re1 Ne6 28. Rc3 R2d4 29. Rc4 Rxc4 30. Nxc4 Nd4 31. Rd1 Rc8 32. Rd2 Kf8 33. f4 Ke7 34. fxe5 fxe5 35. Nxe5 Nxc2 36. Re2 Kf6 37. Nd7+ Kf7 38. Ne5+ Kg8 39. Nc4 Nd4 40. Nd6 Rf8+ 41. Rf2 b6 42. Rxf8+ Kxf8 43. b4 a6 44. Kf2 b5 45. axb5 axb5 46. Ke3 Nc2+ 47. Ke4 Nxb4 48. Nxb5 1/2-1/2